[Event "POL-chT 2nd League"]
[Site "Szczyrk"]
[Date "2014.09.07"]
[Round "2.35"]
[White "Pietocha, Pawel"]
[Black "Platek, Michal"]
[Result "1-0"]
[WhiteElo "2071"]
[BlackElo "1942"]
[PlyCount "74"]
[EventDate "2014.09.06"]
[EventType "team-swiss"]
[EventRounds "9"]
[EventCountry "POL"]
[SourceTitle "EXT 2015"]
[Source "ChessBase"]
[SourceDate "2014.11.20"]
[SourceVersion "1"]
[SourceVersionDate "2014.11.20"]
[SourceQuality "1"]
[WhiteTeam "Gostynin Gostmat 83"]
[BlackTeam "Myslenice MLKSz"]
[WhiteTeamCountry "POL"]
[BlackTeamCountry "POL"]

1. e4 e6 2. d4 d5 3. Nd2 Nf6 4. e5 Nfd7 5. Bd3 c5 6. c3 Nc6 7. Ne2 Be7 8. 0-0 0-0 9. Nf3 a6 10. Bf4 b5 11. Rc1 Bb7 12. Bb1 Rc8 13. Qd3 g6 14. Qe3 cxd4 15. cxd4 Re8 16. Bg5 f6 17. exf6 Bxf6 18. Bxf6 Qxf6 19. Nf4 Nf8 20. Nd3 Nd7 21. Rfe1 Re7 22. Re2 Rce8 23. Nde5 Ndxe5 24. dxe5 Qg7 25. Qb6 Nd8 26. Nd4 Rf7 27. Rc3 Rfe7 28. a4 bxa4 29. Bc2 Rf8 30. Bxa4 Qh6 31. Ree3 Qh4 32. Rf3 Rxf3 33. Rxf3 Nf7 34. Re3 Bc8 35. Qc5 Bb7 36. g3 Qg4 37. f3 Rc7 1-0

[Event "POL-chT2"]
[Site "Poronin"]
[Date "2013.09.12"]
[Round "6.65"]
[White "Platek, Michal"]
[Black "Zaleski, Lukasz"]
[Result "1/2-1/2"]
[WhiteElo "1962"]
[BlackElo "1878"]
[PlyCount "29"]
[EventDate "2013.09.06"]
[EventType "team-swiss"]
[EventRounds "9"]
[EventCountry "POL"]
[SourceTitle "EXT 2015"]
[Source "ChessBase"]
[SourceDate "2014.11.20"]
[SourceVersion "1"]
[SourceVersionDate "2014.11.20"]
[SourceQuality "1"]
[WhiteTeam "Myslenice MLKSz"]
[BlackTeam "Kolbudy UKS Zawisza"]
[WhiteTeamCountry "POL"]
[BlackTeamCountry "POL"]

1. e4 e6 2. d4 d5 3. exd5 exd5 4. Bd3 Nc6 5. Ne2 Bd6 6. c3 Qf6 7. 0-0 Nge7 8. Na3 a6 9. Be3 Bf5 10. Ng3 Bg6 11. Qd2 Bxd3 12. Qxd3 Qg6 13. Qxg6 Nxg6 14. Nc2 Kd7 15. Ne1 1/2-1/2

[Event "Zlota Wieze 50"]
[Site "Pultusk"]
[Date "2008.07.04"]
[Round "7.2"]
[White "Rudnicki, Milosz"]
[Black "Platek, Michal"]
[Result "1-0"]
[WhiteElo "2188"]
[BlackElo "1947"]
[PlyCount "81"]
[EventDate "2008.06.30"]
[EventType "team"]
[EventRounds "9"]
[EventCountry "POL"]
[SourceTitle "EXT 2020"]
[Source "ChessBase"]
[SourceDate "2019.10.17"]
[SourceVersion "1"]
[SourceVersionDate "2019.10.17"]
[SourceQuality "1"]

1. e4 e6 2. d4 d5 3. Nc3 Nf6 4. e5 Nfd7 5. f4 c5 6. Nf3 Nc6 7. Be3 cxd4 8. Nxd4 Nxd4 9. Bxd4 a6 10. Qg4 g6 11. 0-0-0 Bc5 12. Ne2 b5 13. Qf3 Bb7 14. Qf2 Bxd4 15. Nxd4 Qa5 16. Kb1 0-0-0 17. g4 Qc7 18. Be2 Kb8 19. h4 Nb6 20. Rh3 Nc4 21. h5 Rhf8 22. hxg6 hxg6 23. Rh7 Rd7 24. Qg3 Ka8 25. Bd3 g5 26. Re1 Qb6 27. Bxc4 dxc4 28. c3 b4 29. Ka1 bxc3 30. bxc3 Rxd4 31. Qg1 Qa5 32. Qxd4 Rd8 33. Qe3 gxf4 34. Qc1 Rd3 35. Rxf7 Rxc3 36. Rf8+ Ka7 37. Qxf4 Bd5 38. Qf7+ Kb6 39. Rb1+ Kc5 40. Qa7+ Kc6 41. Rc8+ 1-0

[Event "Krakow op 4th"]
[Site "Krakow"]
[Date "2008.05.17"]
[Round "5.1"]
[White "Platek, Michal"]
[Black "Marczuk, Dominik"]
[Result "0-1"]
[WhiteElo "1947"]
[BlackElo "1800"]
[PlyCount "54"]
[EventDate "2008.05.10"]
[EventType "tourn"]
[EventRounds "7"]
[EventCountry "POL"]
[SourceTitle "EXT 2023"]
[Source "ChessBase"]
[SourceDate "2022.10.05"]
[SourceVersion "1"]
[SourceVersionDate "2022.10.05"]
[SourceQuality "1"]

1. e4 c5 2. f4 d5 3. Nc3 e6 4. Nf3 Nf6 5. e5 Nfd7 6. d4 Nc6 7. Ne2 Be7 8. c3 a6 9. g3 b5 10. Bh3 Nb6 11. 0-0 a5 12. Qd3 Ba6 13. f5 b4 14. Qc2 cxd4 15. fxe6 d3 16. exf7+ Kf8 17. Qd2 dxe2 18. Rf2 Bc5 19. Nd4 Nxd4 20. cxd4 Bxd4 21. Qe1 Bxf2+ 22. Qxf2 d4 23. e6 Qf6 24. Bf4 g5 25. Bd6+ Kg7 26. Qe1 d3 27. b3 Qd4+ 0-1

[Event "POL-chT 2nd League"]
[Site "Wysowa"]
[Date "2007.09.10"]
[Round "8"]
[White "Platek, Michal"]
[Black "Barwinski, Dionizy"]
[Result "0-1"]
[WhiteElo "1959"]
[BlackElo "2174"]
[PlyCount "94"]
[EventDate "2007.09.03"]
[EventType "team-swiss"]
[EventRounds "9"]
[EventCountry "POL"]
[SourceTitle "EXT 2010"]
[Source "ChessBase"]
[SourceDate "2010.11.25"]
[SourceVersion "1"]
[SourceVersionDate "2010.11.25"]
[SourceQuality "1"]
[WhiteTeam "Myslenice MLKSz"]
[BlackTeam "Pultusk Nadnarwianka"]
[WhiteTeamCountry "POL"]
[BlackTeamCountry "POL"]

1. e4 c6 2. Nf3 d5 3. Nc3 dxe4 4. Nxe4 Bf5 5. Ng3 Bg6 6. h4 h6 7. Ne5 Bh7 8. Qh5 g6 9. Qf3 Nf6 10. Bc4 e6 11. Ne4 Bg7 12. d3 Qa5+ 13. Bd2 Qxe5 14. Bc3 Qf5 15. Nd6+ Ke7 16. Nxf5+ gxf5 17. 0-0-0 Rc8 18. Rhe1 Nbd7 19. Bd2 b5 20. Bb3 a5 21. c3 a4 22. Bc2 a3 23. b3 Bg6 24. Qe2 c5 25. c4 bxc4 26. dxc4 Ne4 27. Bxe4 Bb2+ 28. Kc2 fxe4 29. Be3 Ne5 30. h5 Bf5 31. Rb1 Nd3 32. Rg1 Rd8 33. Rbd1 Bd4 34. g4 Bh7 35. g5 Bf5 36. gxh6 Bf6 37. Rg3 Rac8 38. Kb1 Rh8 39. Qd2 Rhd8 40. Qa5 Be5 41. Rgg1 Bd4 42. Bxd4 Rxd4 43. Rg7 Rcd8 44. Rg5 Bh7 45. Rxc5 e3 46. Rc7+ Kf6 47. Ka1 e2 0-1

[Event "POL-chT 2nd League"]
[Site "Wysowa"]
[Date "2007.09.09"]
[Round "7"]
[White "Warszawski, Bartosz"]
[Black "Platek, Michal"]
[Result "1-0"]
[WhiteElo "2236"]
[BlackElo "1959"]
[PlyCount "59"]
[EventDate "2007.09.03"]
[EventType "team-swiss"]
[EventRounds "9"]
[EventCountry "POL"]
[SourceTitle "EXT 2010"]
[Source "ChessBase"]
[SourceDate "2010.11.25"]
[SourceVersion "1"]
[SourceVersionDate "2010.11.25"]
[SourceQuality "1"]
[WhiteTeam "Warszawa YMCA"]
[BlackTeam "Myslenice MLKSz"]
[WhiteTeamCountry "POL"]
[BlackTeamCountry "POL"]

1. e4 e6 2. d4 d5 3. Nc3 Nf6 4. Bg5 Bb4 5. e5 h6 6. Bd2 Bxc3 7. bxc3 Ne4 8. Bd3 Nxd2 9. Qxd2 c5 10. Nf3 Nc6 11. 0-0 Qa5 12. dxc5 Qxc5 13. Rfe1 Na5 14. Qf4 Bd7 15. Qg4 Kf8 16. Re3 Qxc3 17. Rd1 Qc5 18. Nd4 Qe7 19. Rg3 f5 20. exf6 gxf6 21. Re1 e5 22. Bf5 Bxf5 23. Nxf5 Qc7 24. Qb4+ Ke8 25. Nd6+ Kf8 26. Nb5+ Qe7 27. Qxa5 Rg8 28. Rxg8+ Kxg8 29. Nc7 Rd8 30. Nxd5 1-0

[Event "POL-chT 2nd League"]
[Site "Wysowa"]
[Date "2007.09.06"]
[Round "4"]
[White "Kozlowski, Tomasz"]
[Black "Platek, Michal"]
[Result "1/2-1/2"]
[WhiteElo "2018"]
[BlackElo "1959"]
[PlyCount "56"]
[EventDate "2007.09.03"]
[EventType "team-swiss"]
[EventRounds "9"]
[EventCountry "POL"]
[SourceTitle "EXT 2010"]
[Source "ChessBase"]
[SourceDate "2010.11.25"]
[SourceVersion "1"]
[SourceVersionDate "2010.11.25"]
[SourceQuality "1"]
[WhiteTeam "Srem LKS Piast"]
[BlackTeam "Myslenice MLKSz"]
[WhiteTeamCountry "POL"]
[BlackTeamCountry "POL"]

1. e4 e6 2. d4 d5 3. Nd2 c5 4. exd5 Qxd5 5. Ngf3 cxd4 6. Bc4 Qd6 7. 0-0 Nc6 8. Nb3 Nf6 9. Nfxd4 Nxd4 10. Qxd4 Qxd4 11. Nxd4 a6 12. Bf4 b5 13. Be2 Bb7 14. Bf3 Bxf3 15. Nxf3 Nd5 16. Be3 f6 17. Bd4 e5 18. Be3 Nxe3 19. fxe3 Bc5 20. Kf2 e4 21. Nd2 f5 22. Ke2 g6 23. Rad1 Rd8 24. Nb3 Bb6 25. c3 Rxd1 26. Rxd1 Ke7 27. Nd4 Rc8 28. a3 h6 1/2-1/2

[Event "POL-chT 2nd League"]
[Site "Wysowa"]
[Date "2007.09.03"]
[Round "1"]
[White "Platek, Michal"]
[Black "Rybak, Tomasz"]
[Result "1/2-1/2"]
[WhiteElo "1959"]
[BlackElo "2262"]
[PlyCount "59"]
[EventDate "2007.09.03"]
[EventType "team-swiss"]
[EventRounds "9"]
[EventCountry "POL"]
[SourceTitle "EXT 2010"]
[Source "ChessBase"]
[SourceDate "2010.11.25"]
[SourceVersion "1"]
[SourceVersionDate "2010.11.25"]
[SourceQuality "1"]
[WhiteTeam "Myslenice MLKSz"]
[BlackTeam "Swiecie Gambit"]
[WhiteTeamCountry "POL"]
[BlackTeamCountry "POL"]

1. e4 c5 2. Nc3 d6 3. g3 Nc6 4. Bg2 g6 5. d3 Bg7 6. Be3 Rb8 7. Qd2 e6 8. Nge2 Nge7 9. Bh6 0-0 10. h4 Bxh6 11. Qxh6 Kh8 12. 0-0 b5 13. Nd1 Bb7 14. Qd2 Nd4 15. c3 Nxe2+ 16. Qxe2 b4 17. Ne3 Ba6 18. Rfd1 bxc3 19. bxc3 Qa5 20. Qc2 Rb6 21. Rab1 Rfb8 22. Rxb6 Qxb6 23. d4 cxd4 24. cxd4 Nc6 25. Qc3 Rc8 26. Qd2 Qa5 27. d5 Qxd2 28. Rxd2 exd5 29. Rxd5 Rd8 30. Bf1 1/2-1/2

[Event "Zlota Wieza op 49th"]
[Site "Gniezno"]
[Date "2007.05.26"]
[Round "9"]
[White "Opalinski, Sebastian"]
[Black "Platek, Michal"]
[Result "0-1"]
[WhiteElo "2000"]
[BlackElo "1930"]
[PlyCount "97"]
[EventDate "2007.05.20"]
[EventType "swiss"]
[EventRounds "9"]
[EventCountry "POL"]
[SourceTitle "EXT 2011"]
[Source "ChessBase"]
[SourceDate "2010.11.26"]
[SourceVersion "1"]
[SourceVersionDate "2010.11.26"]
[SourceQuality "1"]

1. e4 e6 2. d4 d5 3. exd5 exd5 4. Bd3 Bd6 5. c3 Nc6 6. Nf3 Nge7 7. Qc2 Bg4 8. Be3 Bxf3 9. gxf3 Qd7 10. Nd2 0-0-0 11. 0-0-0 g6 12. b4 Rde8 13. b5 Nd8 14. Qa4 Kb8 15. c4 dxc4 16. d5 b6 17. Bxc4 Nf5 18. Bg5 Nb7 19. Ne4 Nc5 20. Qc2 Be5 21. a4 Nd4 22. Rxd4 Bxd4 23. Bf6 Bxf6 24. Nxf6 Qh3 25. Nxe8 Rxe8 26. Qd1 Qh4 27. Qc2 Qf4+ 28. Kb2 Qxf3 29. Rd1 Ne4 30. Re1 Qf6+ 31. Ka3 Qd6+ 32. Ka2 f5 33. f3 Nf6 34. Rxe8+ Nxe8 35. Qe2 Nf6 36. Qd2 Qc5 37. Kb3 Qe7 38. Qd4 Nd7 39. d6 Qxd6 40. Qh8+ Kb7 41. Qg8 Nc5+ 42. Kc2 Qxh2+ 43. Kc3 Qe5+ 44. Kd2 c6 45. bxc6+ Kxc6 46. Qc8+ Qc7 47. Qe8+ Qd7+ 48. Qxd7+ Kxd7 49. Bd5 0-1

[Event "Zlota Wieza op 49th"]
[Site "Gniezno"]
[Date "2007.05.24"]
[Round "7"]
[White "Platek, Michal"]
[Black "Jedrzejewski, Kamil"]
[Result "1/2-1/2"]
[WhiteElo "1930"]
[BlackElo "1975"]
[PlyCount "91"]
[EventDate "2007.05.20"]
[EventType "swiss"]
[EventRounds "9"]
[EventCountry "POL"]
[SourceTitle "EXT 2011"]
[Source "ChessBase"]
[SourceDate "2010.11.26"]
[SourceVersion "1"]
[SourceVersionDate "2010.11.26"]
[SourceQuality "1"]

1. e4 c5 2. Nc3 Nc6 3. g3 g6 4. Bg2 Bg7 5. d3 d6 6. Be3 e6 7. Qd2 Nge7 8. Bh6 0-0 9. h4 f6 10. Bxg7 Kxg7 11. Nge2 Nd4 12. Nxd4 cxd4 13. Ne2 e5 14. c3 dxc3 15. bxc3 d5 16. 0-0 Be6 17. f4 exf4 18. Nxf4 Bg8 19. Rab1 Rb8 20. d4 dxe4 21. Bxe4 Nd5 22. Rf2 b6 23. Re1 Rc8 24. Nxd5 Bxd5 25. Bxd5 Qxd5 26. Re7+ Rf7 27. Rxf7+ Qxf7 28. Qd3 Qc7 29. Rc2 Re8 30. d5 Qe5 31. Rf2 Qd6 32. c4 Qc5 33. Qf3 Qd4 34. Kg2 Re3 35. Qf4 Qxf4 36. Rxf4 Rd3 37. Rf3 Rd4 38. Rf4 Rxf4 39. gxf4 h6 40. Kf3 Kf7 41. a4 Ke7 42. Ke4 Kd6 43. Kd4 Kd7 44. Ke3 Kd6 45. Kd4 Kd7 46. Ke3 1/2-1/2

[Event "Podhale-ch 23rd"]
[Site "Rabka Zdroj"]
[Date "2007.01.16"]
[Round "8"]
[White "Platek, Michal"]
[Black "Koziej, Maciej"]
[Result "1/2-1/2"]
[WhiteElo "1928"]
[BlackElo "1988"]
[PlyCount "41"]
[EventDate "2007.01.12"]
[EventType "swiss"]
[EventRounds "9"]
[EventCountry "POL"]
[SourceTitle "EXT 2011"]
[Source "ChessBase"]
[SourceDate "2010.11.26"]
[SourceVersion "1"]
[SourceVersionDate "2010.11.26"]
[SourceQuality "1"]

1. e4 c5 2. d3 e6 3. g3 b6 4. Bg2 Bb7 5. Nf3 a6 6. 0-0 d6 7. Re1 Nd7 8. Nbd2 Be7 9. Nf1 h5 10. h4 f6 11. Bh3 Nf8 12. c3 Kd7 13. d4 Kc7 14. Bd2 g5 15. Bg2 g4 16. N1h2 c4 17. b3 d5 18. bxc4 dxc4 19. d5 exd5 20. exd5 Bd6 21. a4 1/2-1/2

[Event "Podhale-ch 23rd"]
[Site "Rabka Zdroj"]
[Date "2007.01.14"]
[Round "5"]
[White "Smola, Michal"]
[Black "Platek, Michal"]
[Result "1-0"]
[WhiteElo "2063"]
[BlackElo "1928"]
[PlyCount "93"]
[EventDate "2007.01.12"]
[EventType "swiss"]
[EventRounds "9"]
[EventCountry "POL"]
[SourceTitle "EXT 2011"]
[Source "ChessBase"]
[SourceDate "2010.11.26"]
[SourceVersion "1"]
[SourceVersionDate "2010.11.26"]
[SourceQuality "1"]

1. e4 e6 2. d4 d5 3. Nc3 Nf6 4. Bg5 Bb4 5. e5 h6 6. Bd2 Bxc3 7. Bxc3 Ne4 8. Bb4 c5 9. Bxc5 Nxc5 10. dxc5 Qa5+ 11. c3 Qxc5 12. Nf3 Bd7 13. Bd3 Nc6 14. 0-0 0-0 15. Bc2 f5 16. exf6 Rxf6 17. Qd3 g6 18. b4 Qb6 19. a4 Raf8 20. a5 Qc7 21. Qe3 Kg7 22. b5 Nxa5 23. Bd3 b6 24. Ra4 Rf4 25. Rfa1 Qxc3 26. Rc1 Qf6 27. Rxf4 Qxf4 28. Qxf4 Rxf4 29. Rc7 Rf7 30. Ne5 Be8 31. Nxf7 Bxf7 32. Rxa7 Nb3 33. Ra3 Nc5 34. Rc3 Be8 35. Rxc5 bxc5 36. b6 Bc6 37. Ba6 Kf6 38. b7 Bxb7 39. Bxb7 Ke5 40. Kf1 Kd4 41. Ke1 Kc3 42. Kd1 Kb2 43. Bc6 c4 44. Ba4 d4 45. Bc2 d3 46. Bxd3 cxd3 47. Kd2 1-0